000
00292nam a22001217a 4500
008
170614b xxu||||| |||| 00| 0 eng d
041
_a
eng
080
_2
4 ED
_a
94
100
_a
19
101
_a
SHH
245
_a
THE FAR EAST A HISTORY OF WESTERN IMPACT
_c
CLYDE.P.H
942
_2
udc
_c
BK
999
_c
17271
_d
17271